Fast Typing Common Words - Statistics

General Stats
  • This quiz has been taken 423 times
  • The average score is 15 of 15
Answer Stats
Hint Answer % Correct
it it
100%
and and
98%
no no
98%
the the
98%
we we
98%
yes yes
98%
you you
98%
hey hey
97%
how how
97%
now now
97%
they they
97%
what what
97%
when when
97%
where where
96%
refridgerator refridgerator
90%
No matching quizzes found
Score Distribution
Percent of People with Each Score
Percentile by Number Answered
Your Score History
You have not taken this quiz